<?xml version="1.0" encoding="UTF-8"?>
<record
    xmlns:xsi="http://www.w3.org/2001/XMLSchema-instance"
    xsi:schemaLocation="http://www.loc.gov/MARC21/slim http://www.loc.gov/standards/marcxml/schema/MARC21slim.xsd"
    xmlns="http://www.loc.gov/MARC21/slim">

  <leader>01124nam2a22002771  4500</leader>
  <controlfield tag="001">v19\rc\1961092</controlfield>
  <controlfield tag="005">20251118181010.8</controlfield>
  <datafield tag="035" ind1=" " ind2=" ">
    <subfield code="a">(NLR Aleph) 005044881</subfield>
  </datafield>
  <datafield tag="090" ind1=" " ind2=" ">
    <subfield code="a">6832643</subfield>
    <subfield code="c">6832644</subfield>
  </datafield>
  <datafield tag="100" ind1=" " ind2=" ">
    <subfield code="a">20080428d1913    u  y0rusy50      ca</subfield>
  </datafield>
  <datafield tag="101" ind1="0" ind2=" ">
    <subfield code="a">rus</subfield>
  </datafield>
  <datafield tag="102" ind1=" " ind2=" ">
    <subfield code="a">RU</subfield>
  </datafield>
  <datafield tag="105" ind1=" " ind2=" ">
    <subfield code="a">ab  z   |||||</subfield>
  </datafield>
  <datafield tag="200" ind1="1" ind2=" ">
    <subfield code="a">&#x414;&#x43E;&#x43A;&#x43B;&#x430;&#x434;&#x44B;, &#x43D;&#x430;&#x43F;&#x435;&#x447;&#x430;&#x442;&#x430;&#x43D;&#x43D;&#x44B;&#x435; &#x434;&#x43E; &#x43E;&#x442;&#x43A;&#x440;&#x44B;&#x442;&#x438;&#x44F; &#x441;&#x44A;&#x435;&#x437;&#x434;&#x430;</subfield>
  </datafield>
  <datafield tag="210" ind1=" " ind2=" ">
    <subfield code="d">1913</subfield>
  </datafield>
  <datafield tag="215" ind1=" " ind2=" ">
    <subfield code="a">VII, 117, 14 &#x441;., 6 &#x43B;. &#x434;&#x438;&#x430;&#x433;&#x440;., &#x43A;&#x430;&#x440;&#x442;.</subfield>
  </datafield>
  <datafield tag="461" ind1=" " ind2="0">
    <subfield code="1">001v19\rc\1961089</subfield>
    <subfield code="1">2001#$a&#x422;&#x440;&#x443;&#x434;&#x44B; &#x421;&#x44A;&#x435;&#x437;&#x434;&#x430; &#x445;&#x43B;&#x43E;&#x43F;&#x43A;&#x43E;&#x432;&#x43E;&#x434;&#x43E;&#x432; &#x432; &#x433;&#x43E;&#x440;. &#x422;&#x438;&#x444;&#x43B;&#x438;&#x441;&#x435; 1-6 &#x43D;&#x43E;&#x44F;&#x431;&#x440;&#x44F; 1912 &#x433;.$e&#x422;. 1$f&#x413;&#x423;&#x417; &#x438; &#x417;$v&#x422;. 2. &#x427;. 1</subfield>
    <subfield code="9">6832613</subfield>
    <subfield code="a">&#x421;&#x44A;&#x435;&#x437;&#x434; &#x445;&#x43B;&#x43E;&#x43F;&#x43A;&#x43E;&#x432;&#x43E;&#x434;&#x43E;&#x432; (1912 ; &#x422;&#x438;&#x444;&#x43B;&#x438;&#x441;)</subfield>
    <subfield code="c">&#x422;&#x438;&#x444;&#x43B;&#x438;&#x441;</subfield>
    <subfield code="d">1913-1914</subfield>
    <subfield code="f">&#x413;&#x423;&#x417; &#x438; &#x417;</subfield>
    <subfield code="o">&#x422;. 1</subfield>
    <subfield code="t">&#x422;&#x440;&#x443;&#x434;&#x44B; &#x421;&#x44A;&#x435;&#x437;&#x434;&#x430; &#x445;&#x43B;&#x43E;&#x43F;&#x43A;&#x43E;&#x432;&#x43E;&#x434;&#x43E;&#x432; &#x432; &#x433;&#x43E;&#x440;. &#x422;&#x438;&#x444;&#x43B;&#x438;&#x441;&#x435; 1-6 &#x43D;&#x43E;&#x44F;&#x431;&#x440;&#x44F; 1912 &#x433;.</subfield>
    <subfield code="v">&#x422;. 2. &#x427;. 1</subfield>
  </datafield>
  <datafield tag="801" ind1=" " ind2="0">
    <subfield code="a">RU</subfield>
    <subfield code="b">NLR</subfield>
    <subfield code="g">psbo</subfield>
  </datafield>
  <datafield tag="801" ind1=" " ind2="0">
    <subfield code="a">RU</subfield>
    <subfield code="b">RuMoRGB</subfield>
    <subfield code="2">psbo</subfield>
  </datafield>
  <datafield tag="801" ind1=" " ind2="1">
    <subfield code="a">RU</subfield>
    <subfield code="b">ProSoft-M</subfield>
    <subfield code="2">rusmarc</subfield>
  </datafield>
  <datafield tag="852" ind1=" " ind2=" ">
    <subfield code="a">NLR</subfield>
    <subfield code="j">37.44.1.86</subfield>
  </datafield>
  <datafield tag="899" ind1=" " ind2=" ">
    <subfield code="a">&#x41D;&#x411; &#x421;&#x41F;&#x431;&#x413;&#x423;</subfield>
  </datafield>
  <datafield tag="899" ind1=" " ind2=" ">
    <subfield code="a">&#x41D;&#x411; &#x41C;&#x413;&#x423;</subfield>
  </datafield>
  <datafield tag="899" ind1=" " ind2=" ">
    <subfield code="a">RuMoRGB</subfield>
    <subfield code="j">V 43/88</subfield>
  </datafield>
  <datafield tag="942" ind1=" " ind2=" ">
    <subfield code="c">BOOK</subfield>
  </datafield>
  <datafield tag="980" ind1=" " ind2=" ">
    <subfield code="a">NB</subfield>
  </datafield>
  <datafield tag="995" ind1=" " ind2=" ">
    <subfield code="5">2013-10-26</subfield>
    <subfield code="b">NLR02</subfield>
    <subfield code="c">NLR02</subfield>
    <subfield code="e">RFS</subfield>
    <subfield code="f">1-4037832</subfield>
    <subfield code="k">37.44.1.86</subfield>
    <subfield code="o">0</subfield>
    <subfield code="r">BOOK</subfield>
    <subfield code="s">3744186_</subfield>
  </datafield>
  <datafield tag="995" ind1=" " ind2=" ">
    <subfield code="5">2013-10-26</subfield>
    <subfield code="b">NLR01</subfield>
    <subfield code="c">NLR01</subfield>
    <subfield code="e">TEMP</subfield>
    <subfield code="f">5044881-30</subfield>
    <subfield code="o">0</subfield>
    <subfield code="r">BOOK</subfield>
  </datafield>
  <datafield tag="995" ind1=" " ind2=" ">
    <subfield code="5">2013-10-26</subfield>
    <subfield code="b">NLR01</subfield>
    <subfield code="c">NLR01</subfield>
    <subfield code="e">TEMP</subfield>
    <subfield code="f">5044881-40</subfield>
    <subfield code="o">0</subfield>
    <subfield code="r">BOOK</subfield>
  </datafield>
</record>
